000
00328nam a22001457a 4500
003
SGT
020
_a
978-93-5453-996
082
_a
331.7
_b
SRI
100
_a
SRIVASTAVA, S.C.
245
_a
INDUSTRIAL RELATIONS LABOUR LAWS
260
_a
INDIA
_b
VIKASH PUB.
_c
2024
300
_a
800
650
_a
LABOUR LAWS
942
_2
ddc
_c
BK
999
_c
29498
_d
29498